000 00809cam a22002535a 4500
001 L159657
008 150226s2017 xxk f 000 0 eng d
035 _a(Sirsi) u159657
041 0 _aeng
100 1 _aBurgess, Matt
245 0 0 _aFault lines
260 _c2017
490 _aModus
_vDecember 2017 - January 2018, 18-25 (8)
520 _aLooks at eartquake resilliance, early warning systems and seisming building codes in some of the most at-risk locations.
590 _aKA
650 2 4 _aEARTHQUAKE PRECAUTIONS
650 2 4 _aBUILT ENVIRONMENT-BUILDING STANDARDS
650 2 4 _aBUILT ENVIRONMENT-BUILDING PATHOLOGY
650 2 4 _aEARTHQUAKES
650 2 4 _aDISASTER PLANNING
651 4 _aInternational
690 _aENVIRONMENTAL AND LAND CONSULTANCY-PLANNING AND DEVELOPMENT
942 _n0
999 _c84895
_d84895